000 00730nam a2200229 i 4500
001 C2-0321996
003 PPAK
005 20180728121034.0
008 130324s2004 my a|||| ||||| | eng d
040 _aPPAK
_beng
_cPPAK
_erda
082 0 4 _a027.40218
_223
090 0 0 _a027.40218
_bWOR
_dKK
245 0 0 _aWorkshop on the Public Library service
_bIFLA/UNESCO Guidelines for development
264 1 _aPulau Pinang :
_bPerpustakaan Awam Pulau Pinang ,
_c2004
300 _a20 pages :
_billustrations ;
_c30 cm
336 _2rdacontent
_atext
337 _2rdamedia
_aunmediated
338 _2rdacarrier
_avolume
500 _aBuku program
650 1 0 _aLibraries - Standards. ; Public libraries - Standards.
942 _ddc
_cB
999 _c122388
_d122388